Anai-anai

Saved in:
Bibliographic Details
Main Author: Jeeva Dharmajah
Other Authors: Maryah Mohamed
Format: Book
Published: Kuala Lumpur Dewan Bahasa dan Pustaka 1999
Series:Siri Haiwan di Persekitaran Kita
Subjects:
Tags: Add Tag
No Tags, Be the first to tag this record!
Call Number :QL529 J44 1999

MARC

LEADER 00000pam a2200000 4500
001 2373
003 MY-KLNDU
005 20241218051140.0
020 0 0 |a 9836260978 
035 |a 0000002052 
039 9 |a 200910081308  |b VLOAD  |y 200910081151  |z VLOAD 
090 0 0 |a QL529  |b J44 1999 
100 1 0 |a Jeeva Dharmajah 
245 1 0 |a Anai-anai  |c Jeeva Dharmajah,Maryah Mohamed 
260 0 0 |a Kuala Lumpur  |b Dewan Bahasa dan Pustaka  |c 1999 
300 |a viii,77p  |b ill.  |c 20cm. 
440 0 0 |a Siri Haiwan di Persekitaran Kita 
500 0 0 |a Mengandungi indeks dan bibliografi 
650 0 0 |a Termites 
700 0 1 |a Maryah Mohamed 
999 |a vtls000002018  |c 2373  |d 2373